00966 2200313 4500001002100000005001500021035002000036007000300056008004100059020002200100082001500122084001700137100003100154245013400185300004500319650002700364650001500391264003200406336002100438337003000459338002300489040002200512090002100534090002200555850001200577041000800589504003300597990002200630INLIS00000000084572920190410010405 a0010-0419000588ta190410s2018 yoia g | ind d a978-602-51321-8-604223a307.14 a307.14 SUG u0 aSugiono SoetomoePengarang1 aUrbanisasi & morfologi :bproses perkembangan peradaban dan wadah ruangnya menuju ruang yang manusiawi edisi 3 /cSugiono Soetomo axv, 262 halaman :bgambar, peta ;c24 cm 4aPerkembangan perkotaan 4aUrbanisasi aYogyakarta :bMobius,c2018 2rdacontentateks 2rdamediaatanpa perantara 2rdacarrieravolume aYOPDYOGbinderda aDEP 307.14 SUG u aCB-D.11 2018-1429 aYOPDYOG0 aind aBibliografi: halaman 259-262 aCB-D.11/2018-1429